000 00933cam a22002771a 4500
999 _c57578
_d57578
001 15882912
005 20221107152646.0
008 090825s2011 paua b 001 0 eng
010 _a 2009035327
020 _a9781416045748 (alk. paper) X
041 _aeng
080 _a612(075.8) H-019
100 1 _aHall, John E.
_q(John Edward),
_d1946-
_97315
245 1 0 _aGuyton and Hall textbook of medical physiology /
_cJohn Hall.
250 _a12th ed.
260 _aPhiladelphia, Pa. :
_bSaunders/Elsevier,
_cc2011.
300 _axix, 1091 p. :
_bill. (mostly col.) ;
_c29 cm.
650 0 _aHuman physiology.
_99120
650 0 _aPhysiology, Pathological.
_97316
650 1 2 _aPhysiological Phenomena.
_99121
653 _aმედიცინა
653 _aფიზიოლოგია
700 1 _aGuyton, Arthur C.
_eავტორი
_97318
730 0 _aTextbook of medical physiology.
_97319
942 _2udc
_cBK